000 00505nam a2200181 a 4500
001 000043279
005 20201002040802.0
008 140304s1997 sp 000 f spa d
020 _a8401461685
040 _aDO-SdBNP
_bspa
_cBNPHU
082 _axxx
_bxxx
100 1 _aAlmodóvar, Pedro,
_d1949-
_970896
245 1 0 _aCarne Tremula :
_bel guión /
_cPedro Almodóvar.
260 _aBarcelona :
_bPlaza & Janés,
_c1997.
300 _a246 p. ;
_c18 cm.
490 1 _aJet
_v347
830 0 _aJet ;
_n347
_970897
999 _c42768
_d42768